Pharmaceutical Engineering: principles and practices (Record no. 6142)

MARC details
000 -LEADER
fixed length control field 00586nam a22002057a 4500
003 - CONTROL NUMBER IDENTIFIER
control field OSt
005 - DATE AND TIME OF LATEST TRANSACTION
control field 20181001180411.0
008 - FIXED-LENGTH DATA ELEMENTS--GENERAL INFORMATION
fixed length control field 181001b xxu||||| |||| 00| 0 eng d
020 ## - INTERNATIONAL STANDARD BOOK NUMBER
International Standard Book Number 9788185731278
020 ## - INTERNATIONAL STANDARD BOOK NUMBER
International Standard Book Number 8185731276
040 ## - CATALOGING SOURCE
Transcribing agency DNLM
082 ## - DEWEY DECIMAL CLASSIFICATION NUMBER
Classification number QV746 P494s 2002
100 ## - MAIN ENTRY--PERSONAL NAME
Personal name Subrahmanyam, C.V.S. [et...al]
9 (RLIN) 12693
245 ## - TITLE STATEMENT
Title Pharmaceutical Engineering: principles and practices
260 ## - PUBLICATION, DISTRIBUTION, ETC. (IMPRINT)
Place of publication, distribution, etc. Vallabh Prakashan; Delhi; 2002
300 ## - PHYSICAL DESCRIPTION
Extent v,512p; ill: 21cm
504 ## - BIBLIOGRAPHY, ETC. NOTE
Bibliography, etc Appendices, & index included
650 ## - SUBJECT ADDED ENTRY--TOPICAL TERM
Topical term or geographic name as entry element Pharmaceutical engineering
9 (RLIN) 11988
942 ## - ADDED ENTRY ELEMENTS (KOHA)
Source of classification or shelving scheme Other/Generic Classification Scheme
Koha item type Short Loan
Holdings
Withdrawn status Lost status Source of classification or shelving scheme Damaged status Not for loan Home library Current library Date acquired Source of acquisition Inventory number Total Checkouts Full call number Barcode Date last seen Koha item type
    Other/Generic Classification Scheme     Pharmacy Department Library Pharmacy Department Library 01/10/2018   11/00256   QV746 P494s 2002 2018-0340 01/10/2018 Short Loan